Aký bol - jediný slovenský operný festival?

Bibliographic Details
Main Author: Blaho, Vladimír, 1943- (Author)
Format: Article
Language:Slovak
PhysicalDescription:Fotogr.
ISSN:1335-4140
Subjects:

MARC

LEADER 00000nab a2200000 a 4500
001 vtls008411957
003 SK-MaSNL
005 20260304135451.0
008 250505c2005 xo mr|p|||||||000 b|slo
015 |a SNBRB2005/11  |2 snkbucl 
035 |a (uuid)6f6b47d6-224d-4e7c-b652-ecdc29e24c3e 
035 |a urn:nbn:sk:snk-ab23kz 
035 |a (urnnbn)urn:nbn:sk:snk:ar-a01hwc 
038 |a SNKBUCL 
040 |a SNKBUCL  |b slo  |c SNKBUCL  |e AACR2 
041 0 |a slo 
044 |a xo  |c SK 
080 |a 78.079:792.54  |2 1997 
100 1 |a Blaho, Vladimír,  |d 1943-  |4 aut  |9 102391 
245 1 0 |a Aký bol - jediný slovenský operný festival?  |c Vladimír Blaho 
300 |b Fotogr. 
611 2 7 |a Zámocké hry zvolenské  |n (32. :  |d 2005 :  |c Zvolen, Slovensko)  |2 snkbucl  |9 120565 
648 7 |a 2005  |2 snkbucl  |9 305506 
650 0 7 |a divadelné festivaly a prehliadky  |2 snkbucl  |9 3350 
650 0 7 |a opera  |2 snkbucl  |9 3212 
650 0 7 |a operné festivaly a prehliadky  |2 snkbucl  |9 90240 
651 7 |a Zvolen (Slovensko)  |2 snkbucl  |9 14595 
773 0 |t Hudobný život  |g Roč. XXXVII, č. 9-10 (2005), s. 29-30  |x 1335-4140 
850 |a Slovenská národná knižnica 
852 |a Slovenská národná knižnica 
954 |a odborná, vedecká literatúra pôvodná (slovenská)  |2 lita 
958 |a article27 
958 |a OND 
958 |a SK 
958 |a EUIPO 
999 |c 2910912  |d 2912842